| 000 | 00901nam a22002055i 4500 | ||
|---|---|---|---|
| 001 | 152301 | ||
| 003 | ES-MaACL | ||
| 005 | 20230906204629.0 | ||
| 008 | 060419s1894 fr |||| | fre d | ||
| 040 |
_aCCPB _bspa _cCCPB |
||
| 100 | 1 |
_aBoillot, Armand. _929847 |
|
| 245 | 1 | 0 |
_aTraité théorique et pratique de droit public et administratif... / _cpar A. Batbie. Supplément ... / par Armand Boillot. |
| 260 |
_aParis : _bL. Larose, _c1894 ( _eBar-Le-Duc : _fImprimerie Contant-Laguerre) |
||
| 300 |
_a388 p. ; _c23 cm. |
||
| 505 | 8 | _aContiene: suplemento con la legislación, la jurisprudencia, el derecho comparado de 1º de Enero de 1885 a 1º Enero de 1893. Es el t. IX de la obra general | |
| 700 | 1 | 2 |
_aBatbie, A. _tTraité théorique et pratique de droit public et administratif. _9125853 |
| 752 |
_aFrancia - _dParís |
||
| 752 |
_aFrancia - _dBar-Le-Duc |
||
| 852 |
_aES-MaACL _jF-5478 |
||
| 999 |
_c152301 _d152301 |
||